Da quando Ines è andata a vivere in città /

সংরক্ষণ করুন:
গ্রন্থ-পঞ্জীর বিবরন
প্রধান লেখক: Accolla, Dario
বিন্যাস: গ্রন্থ
ভাষা:ইতালিয়
প্রকাশিত: Arezzo : Zona, 2014
মালা:Zona contemporanea
ট্যাগগুলো: ট্যাগ যুক্ত করুন
কোনো ট্যাগ নেই, প্রথমজন হিসাবে ট্যাগ করুন!

MARC

LEADER 00000nam a22000007i 4500
001 IT\ICCU\UBO\4134707
003 ItRI
005 20260115232128.0
008 150505s2014 it |||||| ||||| |||||c
020 |a 9788864384986 
040 |b ita  |c importazione bologna sebina 
041 7 |a ita  |2 ISO-639-2 
100 1 |a Accolla, Dario  |0 IT\ICCU\UBOV\349215 
245 1 0 |a Da quando Ines è andata a vivere in città /  |c Dario Accolla. 
260 |a Arezzo :  |b Zona,  |c 2014 
300 |a 102 p. ;  |c 21 cm 
830 0 |a Zona contemporanea  |0 IT\ICCU\LI2\0001360 
942 |2 ddc  |c BK  |n 0 
952 |0 0  |1 0  |4 0  |6 DOC_853_920000000000000_ACC  |7 0  |9 20560  |a BO  |b BO  |d 2026-01-15  |i 17892  |l 0  |o DOC 853.920 ACC  |p BO17892  |r 2026-01-15 23:21:28  |w 2026-01-15  |x [Sebina 5] [1 v.]  |y BK  |z 1 v. (con dedica dell'autore) 
999 |c 17554  |d 17554